Science and Health With Key to the Scriptures. (Record no. 3537)
[ view plain ]
| 000 -LEADER | |
|---|---|
| fixed length control field | 00614nam a2200241 a 4500 |
| 020 ## - INTERNATIONAL STANDARD BOOK NUMBER | |
| ISBN | |
| 082 00 - DEWEY DECIMAL CLASSIFICATION NUMBER | |
| Classification number | 500.80201 |
| Author Cutter | EDD |
| 100 ## - MAIN ENTRY--AUTHOR NAME | |
| Author name | Eddy, Mary Baker |
| 245 ## - TITLE STATEMENT | |
| Title | Science and Health With Key to the Scriptures. |
| 260 ## - PUBLICATION, DISTRIBUTION, ETC. (IMPRINT) | |
| Place of publication | USA |
| Name of publisher | First Church of Christ |
| Year of publication | 1971 |
| 300 ## - PHYSICAL DESCRIPTION | |
| Number of Pages | 700p |
| 500 ## - GENERAL NOTE | |
| General note | includes index and biblioraphy |
| 505 2# - FORMATTED CONTENTS NOTE | |
| Formatted contents note | Urdu-Arabic |
| 650 ## - SUBJECT ADDED ENTRY--TOPICAL TERM | |
| Topical Term | Christianity and Science |
| 942 ## - ADDED ENTRY ELEMENTS (KOHA) | |
| Koha item type | Books |
| 700 1# - | |
| -- | Eddy, Mary Baker |
| Collection code | Home library | Current library | Date acquired | Cost, normal purchase price | Full call number | Accession Number | Koha item type |
|---|---|---|---|---|---|---|---|
| Henry Martyn Institute Library | Henry Martyn Institute Library | 06/11/2007 | 100.00 | 500.80201 EDD | 09932 | Books |
